| 000 | 01286nam a2200253Ia 4500 | ||
|---|---|---|---|
| 001 | 23193 | ||
| 003 | GE_BSU | ||
| 008 | 181216s||||||||xx |||||||||||||| ||und|| | ||
| 040 | _cGE_BSU | ||
| 080 | _a81'38+ 82.05+811.353.1'342 | ||
| 100 | _aბერიკაშვილი, მანანა | ||
| 245 | _aმეტყველების კულტურის თეორიისა და პრაქტიკის საკითხები | ||
| 245 | _bპრაქტ. სახელმძღვ. პროფესიონალებისათვის | ||
| 260 | _aთბილისი | ||
| 260 | _bფონდი "ინტერნიუსი | ||
| 260 | _c2001 | ||
| 300 | _a228გვ. ; 29სმ. | ||
| 300 | _eბიბლიოგრ.: გვ. 225-227 | ||
| 520 | _aქსეროქსი | ||
| 541 | _h7ლ.45თ. | ||
| 653 | _aმეტყველების კულტურა; ქართული ენის ფონეტიკა; არტიკულაცია-წარმოთქმა; სავარჯიშო ლექსები | ||
| 653 | _aმეტყველების კულტურის თეორიისა და პრაქტიკის საკითხები | ||
| 942 | _cBK | ||
| 999 |
_c56092 _d56092 |
||